Потенциал студенческого самоуправления в повышении качества образования (Запись № 3339497)

Подробности
000 -МАРКЕР
контрольное поле 02817nam0a2200373 i 4500
001 - ИДЕНТИФИКАТОР ЗАПИСИ
контрольное поле RU\NLR\bibl\1934285
005 - ИДЕНТИФИКАТОР ВЕРСИИ
контрольное поле 20260408085603.0
010 ## - МЕЖДУНАРОДНЫЙ СТАНДАРТНЫЙ НОМЕР КНИГИ (ISBN)
Номер (ISBN) 9785321021477
Тираж 500
021 ## - НОМЕР ГОСУДАРСТВЕННОЙ РЕГИСТРАЦИИ
Код страны Российская Федерация
Номер 2012-53854
Номер Листа государственной регистраци 3926
035 ## - ДРУГИЕ СИСТЕМНЫЕ НОМЕРА
Идентификатор записи (nilc)RSL-KNO-005469733
035 ## - ДРУГИЕ СИСТЕМНЫЕ НОМЕРА
Идентификатор записи (NLR Aleph) 001923606
100 ## - ДАННЫЕ ОБЩЕЙ ОБРАБОТКИ
Данные общей обработки 20120725d2012 u y0rusy50 ca
101 0# - ЯЗЫК РЕСУРСА
Язык текста, звукозаписи и т.д. русский
102 ## - СТРАНА ПУБЛИКАЦИИ ИЛИ ПРОИЗВОДСТВА
Страна публикации Российская Федерация
105 ## - ПОЛЕ КОДИРОВАННЫХ ДАННЫХ: ТЕКСТОВЫЕ МАТЕРИАЛЫ, МОНОГРАФИЧЕСКИЕ
Кодированные данные о монографическом текстовом документе y |||||||||
200 1# - ЗАГЛАВИЕ И СВЕДЕНИЯ ОБ ОТВЕТСТВЕННОСТИ
Основное заглавие Потенциал студенческого самоуправления в повышении качества образования
Сведения, относящиеся к заглавию сборник материалов Всероссийской научно-практической конференции с международным участием [в рамках фестиваля
Первые сведения об ответственности XXII Международный межвузовский студенческий фестиваль Весна УПИ в Уральском федеральном, 16 апреля - 9 мая, 2012
Последующие сведения об ответственности науч. ред. Ю.Р. Вишневский]
210 ## - ПУБЛИКАЦИЯ, РАСПРОСТРАНЕНИЕ И ДР.
Место издания, распространения и т.д. Екатеринбург
Имя издателя, распространителя и т. д. УрФУ
Дата издания, распространения и т.д. 2012
215 ## - ФИЗИЧЕСКАЯ ХАРАКТЕРИСТИКА
Специфическое обозначение материала и объем 113 с.
Размеры 21
225 1# - СЕРИЯ
Основное заглавие серии Качество образования
300 ## - ОБЩИЕ ПРИМЕЧАНИЯ
Текст примечания В надзаг.: М-во образования и науки Российской Федерации, Общероссийский профсоюз образования, Российский студенческий союз, Уральский федеральный ун-т им. первого Президента России Б. Н. Ельцина
320 ## - ПРИМЕЧАНИЯ О НАЛИЧИИ В ДОКУМЕНТЕ БИБЛИОГРАФИИ / УКАЗАТЕЛЯ
Текст примечания Библиогр. в конце докл.
606 ## - НАИМЕНОВАНИЕ ТЕМЫ КАК ПРЕДМЕТ
Наименование темы Студенческое самоуправление
Формальный подзаголовок Съезды, совещания и т.п.
Системный номер авторитетной/нормативной записи 2450265
Идентификатор авторитетной/нормативной записи RU\NLR\auth\661456898
686 ## - ИНДЕКСЫ ДРУГИХ КЛАССИФИКАЦИЙ
Индекс Ч481,6(2)431я431(2)
Код системы
686 ## - ИНДЕКСЫ ДРУГИХ КЛАССИФИКАЦИЙ
Индекс Ч481.431я431
702 #1 - ИМЯ ЛИЦА - ВТОРИЧНАЯ ОТВЕТСТВЕННОСТЬ
Начальный элемент ввода Вишневский
Часть имени, кроме начального элемента ввода Ю. Р.
Расширение инициалов личного имени Юрий Рудольфович
Код отношения Редактор
711 12 - НАИМЕНОВАНИЕ ОРГАНИЗАЦИИ - АЛЬТЕРНАТИВНАЯ ОТВЕТСТВЕННОСТЬ
Начальный элемент ввода "Потенциал студенческого самоуправления и повышение качества образования", всероссийская научно-практическая конференция с международным участием
Дата проведения временной организации 2012
Место проведения временной организации Екатеринбург
Идентификатор авторитетной/нормативной записи RU\NLR\AUTH\8810227513
Системный номер авторитетной/нормативной записи 339730
711 12 - НАИМЕНОВАНИЕ ОРГАНИЗАЦИИ - АЛЬТЕРНАТИВНАЯ ОТВЕТСТВЕННОСТЬ
Начальный элемент ввода "Весна УПИ в Уральском федеральном", международный межвузовский студенческий фестиваль
Порядковый номер временной организации и / или порядковый номер ее части 22
Дата проведения временной организации 2012
Место проведения временной организации Екатеринбург
Идентификатор авторитетной/нормативной записи RU\NLR\AUTH\8810227515
Системный номер авторитетной/нормативной записи 339735
801 #0 - ИСТОЧНИК ЗАПИСИ
Страна Российская Федерация
Организация RuMoRKP
Дата составления 20120725
Правила каталогизации rcr
801 #1 - ИСТОЧНИК ЗАПИСИ
Страна Российская Федерация
Организация РГБ
Дата составления 20120725
801 #2 - ИСТОЧНИК ЗАПИСИ
Страна Российская Федерация
Организация NLR
Дата составления 20120815
Правила каталогизации rcr
942 ## - ДОПОЛНИТЕЛЬНЫЕ ЭЛЕМЕНТЫ ЗАПИСИ (АБИС)
Тип экземпляра АБИС Книга
980 ## - КОЛЛЕКЦИЯ
Название коллекции НБР

Нет доступных экземпляров.